Score 0/22 Timer 04:00
0 Plays Today
Symbol Meaning % Correct
Aries
88.1%
Mars
86.7%
Venus
86.2%
Gemini
84.3%
Aquarius
84.3%
Sun
82.9%
Cancer
82.9%
Mercury
81.9%
Taurus
81.9%
Libra
81.9%
Neptune
81.4%
Symbol Meaning % Correct
Leo
80.5%
Scorpio
80.5%
Sagittarius
80.5%
Virgo
79%
Pluto
77.6%
Jupiter
76.7%
Pisces
76.2%
Earth
74.3%
Saturn
73.8%
Capricorn
71%
Uranus
70%

You're not logged in!

Compare scores with friends on all Sporcle quizzes.
OR
Log In

Sporcle TV

Today on Sporcle TV


Watch our educational content, quiz creation guides, and fun videos on Sporcle TV.

Show Comments

Extras

Top Quizzes Today


Score Distribution

Paid Content

Your Account Isn't Verified!

In order to create a playlist on Sporcle, you need to verify the email address you used during registration. Go to your Sporcle Settings to finish the process.

Report this User

Report this user for behavior that violates our Community Guidelines.

Details: